000
00270nam a2200121Ia 4500
008
190802s9999 xx 000 0 und d
020
_a
978-0-857-50064-9
100
_a
Imran Khan
245
0
_a
Pakistan
260
_a
London
_b
Bantam
_c
2012
300
_a
431:p
942
_c
BK
999
_c
2450
_d
2450